Powiaty Województwa Śląskiego - Nagła Śmierć - Statystyki

Ogólne statystyki
  • Ten quiz został rozwiązany 62 razy
  • Średni wynik to 9 z 15
Answers on the Grid
Answers color-coded by a green-red scale on the quiz's grid according to % correct below.
Katowice
Blachownia
Żarki
Tychy
Świętochłowice
Woźniki
Ustroń
Ruda Śląska
Żory
Czeladź
Radzionków
Dąbrowa Górnicza
Mysłowice
Miasteczko Śląskie
Lędziny
Jaworzno
Piekary Śląskie
Czechowice-Dziedzice
Czerwionka-Leszczyny
Gliwice
Zabrze
Łaziska Górne
Skoczów
Rybnik
Siemianowice Śląskie
Knurów
Pszów
Bytom
Bielsko-Biała
Radlin
 
Statystyki odpowiedzi
Odpowiedź % Poprawnych
Katowice
100%
Tychy
85%
Dąbrowa Górnicza
67%
Ruda Śląska
67%
Żory
63%
Bielsko-Biała
56%
Bytom
56%
Gliwice
56%
Jaworzno
56%
Mysłowice
56%
Rybnik
56%
Zabrze
56%
Piekary Śląskie
52%
Siemianowice Śląskie
52%
Świętochłowice
48%
Nie znaleziono quizów pasujących do podanych kryteriów
Rozkład punktacji
Procent ludzi z każdym wynikiem
Percentyl według liczby udzielonych odpowiedzi
Twoja historia wyników
Nie rozwiązałeś tego quizu